000 004360000a22001210004500
090 _aAS
_bSeriadas
245 1 0 _aClythocerus carinatus coelho, 1973 (<Crustacea: Decapoda>) primer registro de una especie de la familia Tymolidae para el Caribe colombiano
041 0 _aEspañol
700 1 _aCortés, Martha Lucía
_999240
100 1 _aCampos, Néstor Hernando
_935666
942 _cARTICULO
773 1 _tCaldasia
_345
_h86
_q141-143
_d1995
_g18
999 _c14414
_d14414